Kickflip members by picture - Statistics

General Stats
  • This quiz has been taken 245 times
  • The average score is 7 of 7
Answer Stats
Picture Answer % Correct
Amaru
99%
Donghwa
97%
Keiju
97%
Kyehoon
95%
Minje
94%
Juwang
93%
Donghyeon
91%
No matching quizzes found
Score Distribution
Percent of People with Each Score
Percentile by Number Answered
Your Score History
You have not taken this quiz